Statistics for Largest Cities in Chile

Click here to take the quiz!

General Stats

  • This quiz has been taken 60 times
  • The average score is 3 of 7

Answer Stats

Population Answer % Correct
6,310,000Santiago
100%
979,000Valparaiso
76%
402,444Antofagasta
52%
945,000Concepcion
42%
412,000La Serena
27%
573,935Puente Alto
15%
468,390Maipu
3%

Score Distribution

Percentile by Number Answered

Percent of People with Each Score

Your Score History

You have not taken this quiz